Online
Catalog
Normal view MARC view

Entry Término temático

Number of records used in: 29

001 - NÚMERO DE CONTROL

  • campo de control: 84931

003 - IDENTIFICADOR DEL NÚMERO DE CONTROL

  • campo de control: BNPHU

005 - FECHA Y HORA DE LA ÚLTIMA TRANSACCIÓN

  • campo de control: 20240515122608.0

008 - DATOS DE LONGITUD FIJA

  • campo de control de longitud fija: 240220|| aca||babn | a|a d

010 ## - NÚMERO DE CONTROL DE LA BIBLIOTECA DEL CONGRESO

  • Número de control de LC: sj2021057717

040 ## - FUENTE DE LA CATALOGACIÓN

  • Centro catalogador/agencia de origen: DO-SdBNP
  • Lengua de catalogación: spa
  • Centro/agencia transcriptor: BNPHU
  • Normas de descripción: rda

150 ## - ENCABEZAMIENTO--TÉRMINO DE MATERIA

  • Término de materia o nombre geográfico como elemento de entrada: Política económica

360 ## - REFERENCIA COMPLEJA DE VÉASE ADEMÁS-MATERIA

  • Texto explicativo: subdivisión
  • Encabezamiento referido a: Política ecómica
  • Texto explicativo: bajo nombres de países, regiones, ciudades, etc.

450 ## - TRAZADO DE VÉASE--TÉRMINO DE MATERIA

  • Término de materia o nombre geográfico como elemento de entrada: Nacionalismo económico

450 ## - TRAZADO DE VÉASE--TÉRMINO DE MATERIA

  • Término de materia o nombre geográfico como elemento de entrada: Planificación económica

450 ## - TRAZADO DE VÉASE--TÉRMINO DE MATERIA

  • Término de materia o nombre geográfico como elemento de entrada: Planificación nacional

450 ## - TRAZADO DE VÉASE--TÉRMINO DE MATERIA

  • Término de materia o nombre geográfico como elemento de entrada: Planificación estatal

550 ## - TRAZADO VÉASE ADEMÁS--TÉRMINO DE MATERIA

  • Término de materia o nombre geográfico como elemento de entrada: Economía
  • Subcampo de control: g

550 ## - TRAZADO VÉASE ADEMÁS--TÉRMINO DE MATERIA

  • Término de materia o nombre geográfico como elemento de entrada: Planificación

550 ## - TRAZADO VÉASE ADEMÁS--TÉRMINO DE MATERIA

  • Término de materia o nombre geográfico como elemento de entrada: Seguridad nacional

550 ## - TRAZADO VÉASE ADEMÁS--TÉRMINO DE MATERIA

  • Término de materia o nombre geográfico como elemento de entrada: Política social

670 ## - FUENTE DE DATOS ENCONTRADOS

  • Identificador Uniforme del Recurso: https://librunam.dgb.unam.mx:8443/F/MXA9F6SPRB5ACYYVCBGG5NKI9R4GQ813X7FU8LLJ18X1Q6AQ8U-17420?func=full-set-set&set_number=004208&set_entry=000001&format=001 Consultado en 15 de Mayo, 2024

670 ## - FUENTE DE DATOS ENCONTRADOS

  • Identificador Uniforme del Recurso: https://authorities.loc.gov/cgi-bin/Pwebrecon.cgi?AuthRecID=4692774&v1=1&HC=42&SEQ=20240515122421&PID=X--G9Q5foz4M50_Y9UrXQfEwJA8J Consultado en 15 de Mayo, 2024

681 ## - NOTA DE EJEMPLO DE TRAZADO DE MATERIA

  • Texto explicativo: Ejemplo bajo
  • Encabezamiento de materia o término de subdivisión: Técnicas de decisión en política
  • Texto explicativo: y bajo la referencia de
  • Encabezamiento de materia o término de subdivisión: Política gubernamental; Orden público

Powered by Koha